10 największych miast w Polsce pod względem populacji - Statystyki

Ogólne statystyki
  • Ten quiz został rozwiązany 40 razy
  • Średni wynik to 6 z 10
Statystyki odpowiedzi
Miejsce na liście Populacja (stan na 20 lipca 2023) Miasto % Poprawnych
1 1,861,975 Warszawa
100%
2 803,282 Kraków
97%
3 674,079 Wrocław
75%
4 658,444 Łódź
64%
6 486,345 Gdańsk
58%
5 541,316 Poznań
56%
7 391,566 Szczecin
42%
8 331,243 Lublin
25%
10 292,600 Białystok
19%
9 330,038 Bydgoszcz
17%
Nie znaleziono quizów pasujących do podanych kryteriów
Rozkład punktacji
Procent ludzi z każdym wynikiem
Percentyl według liczby udzielonych odpowiedzi
Twoja historia wyników
Nie rozwiązałeś tego quizu